00889 a2200181 4500003000500000005001700005010001600022020001500038040000900053082001200062100002100074245004100095250001200136260007400148300003400222505043700256650001400693NUST20221117131013.0 a 91025336 a0201578883 cNust00a515,KAP1 aKaplan, Wilfred,10aAdvanced calculus /cWilfred Kaplan. a4th ed. aRedwood City, Calif. :bAddison-Wesley, Advanced Book Program,c1991. axvi, 746 p. :bill. ;c24 cm. a Vectors and Matrices (Page-1), Differential Calculus of Functions of Several Variables (Page-73), Vector Differential Calculus (Page-181), Integral Calculus of Function of several Variables (Page-225), Vector Integral Calculus (Page-279), Infinite Series (Page-391), Fourier and Orthogonal Functions (Page-491), Functions of A Complex Variables (Page-557), Conformal Mapping (Page-623), Partial Differential Equations (Page-657). 0aCalculus.